| 000 | 00727nam a2200289Ia 4500 | ||
|---|---|---|---|
| 008 | 170711s9999 xx 000 0 und d | ||
| 020 | _a71464565 | ||
| 050 | _a640.9 | ||
| 050 | _bSt849 2006 | ||
| 100 | _aStewart, Martha | ||
| 245 | 4 | _aThe world according to Martha / | |
| 245 | _cby Martha Stewart ; edited by Bill Adler. | ||
| 260 | _aUSA : | ||
| 260 | _bMcGraw Hill, | ||
| 260 | _c2006 | ||
| 300 | _avii, 182 pages : | ||
| 300 | _billustrations ; | ||
| 300 | _c20cm. | ||
| 650 | _aBusiness women -- | ||
| 650 | _aHome economists -- | ||
| 650 | _aStewart, Martha -- | ||
| 650 | _xQuotations. | ||
| 650 | _xUnited States. | ||
| 650 | _xUnited States. | ||
| 700 | _aAdler, Bill. | ||
| 700 | _aTitle. | ||
| 999 |
_c339678 _d339678 |
||